Southville International School and Colleges
Your cart is empty.
  • Cart
  • Lists
    Public lists Eva Luna New books Lux_list list_1
    Your lists Log in to create your own lists
  • Log in to your account
  • Your cookies
  • Search history
Southville International School and Colleges
  • Advanced search
  • Recent comments
  • Most popular
  • Libraries

Log in to your account

Log in with GOOGLE


If you do not have an external account, but do have a local account, you can still log in:

  1. Home
  2. MARC view: Java programming :
Normal view MARC view ISBD view

Java programming : (Record no. 48343)

[ view plain ]
MARC details
000 -LEADER
fixed length control field 00584nam a2200193Ia 4500
008 - FIXED-LENGTH DATA ELEMENTS--GENERAL INFORMATION
fixed length control field 140321s9999 xx 000 0 und d
020 ## - INTERNATIONAL STANDARD BOOK NUMBER
International Standard Book Number 9789814352574
050 ## - LIBRARY OF CONGRESS CALL NUMBER
Classification number QA 76.73.J38
Item number .F247j 2012
100 ## - MAIN ENTRY--PERSONAL NAME
Personal name Farrell, Joyce
245 ## - TITLE STATEMENT
Title Java programming :
Remainder of title concepts and applications /
Statement of responsibility, etc Joyce Farrell.
250 ## - EDITION STATEMENT
Edition statement 2nd ed.
260 ## - PUBLICATION, DISTRIBUTION, ETC. (IMPRINT)
Place of publication, distribution, etc Philippines :
Name of publisher, distributor, etc Cengage Learning,
Date of publication, distribution, etc c2012.
300 ## - PHYSICAL DESCRIPTION
Extent 876 p. :
Dimensions 23 cm.
500 ## - GENERAL NOTE
General note Includes bibliographical references and index.
521 ## - TARGET AUDIENCE NOTE
Target audience note
650 ## - SUBJECT ADDED ENTRY--TOPICAL TERM
Topical term or geographic name as entry element Java (Computer program language).
942 ## - ADDED ENTRY ELEMENTS (KOHA)
Call number prefix Local
Koha item type Books
Holdings
Withdrawn status Lost status Damaged status Home library Current library Shelving location Date acquired Total Checkouts Total Renewals Full call number Barcode Date last seen Date checked out Price effective from Koha item type
      College Library College Library Reserve Section 03/21/2014 1 32 QA 76.73.J38 .F247j 2012 C17626 05/15/2018 11/13/2015 03/21/2014 Books

Java programming :

APA

Farrell J., . (2012). Java programming. Philippines: Cengage Learning.

Chicago

Farrell Joyce, . 2012. Java programming. Philippines: Cengage Learning.

Harvard

Farrell J., . (2012). Java programming. Philippines: Cengage Learning.

MLA

Farrell Joyce, . Java programming. Philippines: Cengage Learning. 2012.

  • Place hold
  • Print
  • Cite
  • Add to your cart (remove)
  • Save record
    BIBTEX Dublin Core MARCXML MARC (non-Unicode/MARC-8) MARC (Unicode/UTF-8) MARC (Unicode/UTF-8, Standard) MODS (XML) RIS
  • More searches
    Search for this title in:
    Other Libraries (WorldCat) Other Databases (Google Scholar) Online Stores (Bookfinder.com) Open Library (openlibrary.org)

Exporting to Dublin Core...

SOUTHVILLE LIBRARY

Southville International School and Colleges Library

1281 Tropical Ave. Cor. Luxembourg St., BF Homes International, Las Pinas City

Tel. No. 8256374 / 252358 Loc. 117/146

Powered by Koha